<?xml version="1.0" encoding="UTF-8"?>
<record
    xmlns:xsi="http://www.w3.org/2001/XMLSchema-instance"
    xsi:schemaLocation="http://www.loc.gov/MARC21/slim http://www.loc.gov/standards/marcxml/schema/MARC21slim.xsd"
    xmlns="http://www.loc.gov/MARC21/slim">

  <leader>01827nam a2200265 a 4500</leader>
  <controlfield tag="001">000000175</controlfield>
  <controlfield tag="005">20260325092010.0</controlfield>
  <controlfield tag="008">081112s2008    dr            001 0 spa d</controlfield>
  <datafield tag="040" ind1=" " ind2=" ">
    <subfield code="a">DO-SdBNP</subfield>
    <subfield code="b">spa</subfield>
    <subfield code="c">BNPHU</subfield>
  </datafield>
  <datafield tag="082" ind1=" " ind2=" ">
    <subfield code="a">345.05</subfield>
    <subfield code="b">A581d</subfield>
  </datafield>
  <datafield tag="100" ind1="1" ind2=" ">
    <subfield code="a">Angel&#xE1;n Casasnovas, Esther Elisa</subfield>
    <subfield code="9">553</subfield>
  </datafield>
  <datafield tag="245" ind1="1" ind2="0">
    <subfield code="a">Derecho procesal penal en el sistema acusatorio latinoamericano /</subfield>
    <subfield code="c">Esther Elisa Angel&#xE1;n Casasnovas, Sarah Altagracia Veras Alm&#xE1;nzar; Coordinador, Alejandro Moscoso Segarra, prol. Mario Houed Vega.</subfield>
  </datafield>
  <datafield tag="260" ind1=" " ind2=" ">
    <subfield code="a">Santo Domingo :</subfield>
    <subfield code="b">Comisionado de Apoyo a la Reforma y Modernizaci&#xF3;n de la Justicia,</subfield>
    <subfield code="c">2008.</subfield>
  </datafield>
  <datafield tag="300" ind1=" " ind2=" ">
    <subfield code="a">v. ;</subfield>
    <subfield code="c">25 cm.</subfield>
  </datafield>
  <datafield tag="500" ind1=" " ind2=" ">
    <subfield code="a">La biblioteca posee la primera parte del documento</subfield>
  </datafield>
  <datafield tag="505" ind1="0" ind2=" ">
    <subfield code="t">Presentaci&#xF3;n --</subfield>
    <subfield code="t">Pr&#xF3;logos --</subfield>
    <subfield code="t">Pr&#xF3;logo por el Dr. Mario Houed Vega --</subfield>
    <subfield code="t">Pr&#xF3;logo por la Dra. Olga Elena Resumil --</subfield>
    <subfield code="t">Introducci&#xF3;n --</subfield>
    <subfield code="t">Reflexiones del sistema acusatorio latinoamericano y las t&#xE9;cnicas de litigaci&#xF3;n --</subfield>
    <subfield code="t">Objetivo de la obra y visi&#xF3;n de su contenido --</subfield>
    <subfield code="t">Las ra&#xED;ces del proceso penal latinoamericano --</subfield>
    <subfield code="t">Sistema de valoraci&#xF3;n de pruebas a la luz del caso en concreto. La sana cr&#xED;tica racional --</subfield>
    <subfield code="t">Presentaci&#xF3;n estrat&#xE9;gica de la versi&#xF3;n de los hechos. Teor&#xED;a del caso --</subfield>
    <subfield code="t">Medidas cautelares o de coersi&#xF3;n. Cautela, precauci&#xF3;n, no sanci&#xF3;n --</subfield>
    <subfield code="t">Las cuestiones propias de la audiencia preliminar --</subfield>
    <subfield code="t">Juicio o debate oral. Despliegue de estrategias --</subfield>
    <subfield code="t">Bibliograf&#xED;a --</subfield>
    <subfield code="t">Anexo --</subfield>
    <subfield code="t">C&#xF3;digo modelo o tipo para Iberoam&#xE9;rica 1989.</subfield>
  </datafield>
  <datafield tag="590" ind1=" " ind2=" ">
    <subfield code="a">Inventariado,2018/DG</subfield>
  </datafield>
  <datafield tag="650" ind1=" " ind2="0">
    <subfield code="a">Procedimiento penal </subfield>
    <subfield code="9">554</subfield>
  </datafield>
  <datafield tag="650" ind1=" " ind2="0">
    <subfield code="a">Derecho procesal</subfield>
    <subfield code="9">555</subfield>
  </datafield>
  <datafield tag="650" ind1=" " ind2="0">
    <subfield code="a">Poder judicial</subfield>
    <subfield code="9">556</subfield>
  </datafield>
  <datafield tag="700" ind1="1" ind2="2">
    <subfield code="a">Veras Alm&#xE1;nzar, Sarah Altagracia</subfield>
    <subfield code="9">557</subfield>
  </datafield>
  <datafield tag="700" ind1="1" ind2="2">
    <subfield code="a">Moscoso Segarra, Alejandro A</subfield>
    <subfield code="d">1964-</subfield>
    <subfield code="9">62241</subfield>
  </datafield>
  <datafield tag="700" ind1="1" ind2="2">
    <subfield code="a">Houed Vega, Mario,</subfield>
    <subfield code="e">pr&#xF3;l.</subfield>
    <subfield code="9">559</subfield>
  </datafield>
  <datafield tag="910" ind1=" " ind2=" ">
    <subfield code="a">Validado. Control de calidad MFILETO</subfield>
  </datafield>
  <datafield tag="952" ind1=" " ind2=" ">
    <subfield code="0">0</subfield>
    <subfield code="1">0</subfield>
    <subfield code="5">2</subfield>
    <subfield code="7">5</subfield>
    <subfield code="8">DS</subfield>
    <subfield code="a">BNPHU</subfield>
    <subfield code="b">BNPHU</subfield>
    <subfield code="c">HD</subfield>
    <subfield code="d">2009-08-22</subfield>
    <subfield code="i">LF1</subfield>
    <subfield code="l">0</subfield>
    <subfield code="o">345.05 A581d | pt.. 1, e. 3</subfield>
    <subfield code="p">175-30</subfield>
    <subfield code="r">2020-06-25</subfield>
    <subfield code="w">2020-06-25</subfield>
    <subfield code="y">LF1</subfield>
    <subfield code="Z">Pr&#xE9;stamo interno</subfield>
  </datafield>
  <datafield tag="952" ind1=" " ind2=" ">
    <subfield code="0">0</subfield>
    <subfield code="1">0</subfield>
    <subfield code="7">1</subfield>
    <subfield code="8">PD</subfield>
    <subfield code="a">BNPHU</subfield>
    <subfield code="b">BNPHU</subfield>
    <subfield code="c">HD</subfield>
    <subfield code="d">2009-06-19</subfield>
    <subfield code="e">001253</subfield>
    <subfield code="i">LF1</subfield>
    <subfield code="l">0</subfield>
    <subfield code="o">345.05 A581d | pt. 1</subfield>
    <subfield code="p">175-10</subfield>
    <subfield code="r">2020-06-25</subfield>
    <subfield code="w">2020-06-25</subfield>
    <subfield code="y">1</subfield>
    <subfield code="Z">No se presta</subfield>
  </datafield>
  <datafield tag="952" ind1=" " ind2=" ">
    <subfield code="0">0</subfield>
    <subfield code="1">0</subfield>
    <subfield code="7">1</subfield>
    <subfield code="8">PD</subfield>
    <subfield code="a">BNPHU</subfield>
    <subfield code="b">BNPHU</subfield>
    <subfield code="c">HD</subfield>
    <subfield code="d">2009-06-19</subfield>
    <subfield code="e">001254</subfield>
    <subfield code="i">LF1</subfield>
    <subfield code="l">0</subfield>
    <subfield code="o">345.05 A581d | pt. 1, e. 2</subfield>
    <subfield code="p">175-20</subfield>
    <subfield code="r">2020-06-25</subfield>
    <subfield code="w">2020-06-25</subfield>
    <subfield code="y">1</subfield>
    <subfield code="Z">No se presta</subfield>
  </datafield>
  <datafield tag="999" ind1=" " ind2=" ">
    <subfield code="c">175</subfield>
    <subfield code="d">175</subfield>
  </datafield>
</record>
